|
|
|
|
| LEADER |
00000nam0a2200000 4500 |
| 001 |
64581 |
| 005 |
20231031065735.0 |
| 035 |
|
|
|a (RuTPU)RU\TPU\book\68531
|
| 090 |
|
|
|a 64581
|
| 100 |
|
|
|a 20040603d1998 km y0rusy50 ca
|
| 101 |
0 |
|
|a rus
|
| 102 |
|
|
|a RU
|
| 105 |
|
|
|a a j 001zy
|
| 200 |
1 |
|
|a Электроэрозионная обработка на копировально-прошивочных станках
|e Руководство технолога и электроэрозиониста
|f Внедренческий Электро-Станко-Технологический центр - ВЭСТ центр-; сост. В. Б. Белицкий
|
| 210 |
|
|
|a Москва
|c Каталог
|d 1998
|
| 215 |
|
|
|a 128 с.
|c ил.
|
| 320 |
|
|
|a Библиогр.: с. 126
|
| 610 |
1 |
|
|a металлорежущие станки
|
| 610 |
1 |
|
|a накопительно-прошивочные станки
|
| 610 |
1 |
|
|a электроэрозионная обработка
|
| 610 |
1 |
|
|a программное обеспечение
|
| 610 |
1 |
|
|a ЧПУ
|
| 610 |
1 |
|
|a управление
|
| 610 |
1 |
|
|a программирование
|
| 610 |
1 |
|
|a руководства
|
| 610 |
1 |
|
|a учебные пособия
|
| 675 |
|
|
|a 621.9.04(07)
|v 3
|
| 702 |
|
1 |
|a Белицкий
|b В. Б.
|4 220
|
| 712 |
0 |
2 |
|a Внедренческий Электро-Станко-Технологический центр - ВЭСТ центр-
|2 stltpush
|3 (RuTPU)RU\TPU\col\5878
|
| 801 |
|
1 |
|a RU
|b 63413507
|c 20040603
|g PSBO
|
| 801 |
|
2 |
|a RU
|b 63413507
|c 20041201
|g PSBO
|
| 942 |
|
|
|c BK
|
| 959 |
|
|
|a 63/20040519
|d 1
|e 118
|f НФ:1
|